| 000 | 00735nam a22002531 4500 | ||
|---|---|---|---|
| 999 |
_c3676 _d3676 |
||
| 001 | 2176480 | ||
| 003 | GZU | ||
| 005 | 20201203132504.0 | ||
| 008 | 710311s1968 iaua b 000 0 eng | ||
| 010 | _a 68028171 | ||
| 040 |
_aDLC _cDLC _dDLC |
||
| 050 | 0 | 0 |
_aN7430 _b.ART 2001 |
| 082 | 0 | 0 | _a701.8 |
| 100 | 1 | _aOcvirk, Otto G. | |
| 245 | 1 | 0 |
_aArt fundamentals; theory and practice _c[by] Otto G. Ocvirk [and others] |
| 250 | _a9th ed. | ||
| 260 |
_aDubuque, Iowa, _bW. C. Brown Co. _c2001 |
||
| 300 |
_axvi, 170 p. _billus. (part col.) _c29 cm. |
||
| 504 | _aBibliography: p. 165. | ||
| 650 | 0 |
_aArt _xTechnique. |
|
| 650 | 0 | _aArt. | |
| 906 |
_a7 _bcbc _corignew _du _eocip _f19 _gy-gencatlg |
||
| 942 |
_2lcc _cBK _e9th ed. _hART _iN |
||